00868nam a2200241 i 4500003000900000005001700009007000300026008004100029040003000070082001800100100003700118245011700155264005500272300002600327336002700353337003400380338002800414590002700442910000700469942001300476952012000489999001700609DO-SdBNP20240305115951.0ta110413s2005 dr 000 0 spa d aDO-SdBNPbspacBNPHUerda axxxbC6692221 aGalván, William,d1953-91598310aCódigo de ética de los servidores públicos de la alianza por la democracia :bin memorial Abelardo Vicioso 1aSanto Domingo :bAlianza por la Democracia,c2005. a12 páginas c21 cm. 2rdacontentatextobtxt 2rdamediaasin mediación bn 2rdacarrieravolumenbnc aInventariado, 2023/ YL aDG 2ddccLF2 00102ddc51708PD-FaBNPHUbBNPHUcCTd2023-09-06l0oBNPHU F-PD xxx C669p2023-5665r2023-09-06w2023-09-06yLF2 c54630d54630